Top Social Media Sites - Statistics

General Stats
  • This quiz has been taken 40 times
  • The average score is 4 of 15
Answer Stats
Users Answer % Correct
100,000,000 Instagram
97%
1,100,000,000 Facebook
88%
310,000,000 Twitter
73%
120,000,000 Google+
42%
110,000,000 Tumblr
36%
255,000,000 LinkedIn
21%
42,000,000 Vine
15%
65,000,000 Flickr
9%
250,000,000 Pintrest
6%
37,000,000 Ask.FM
3%
15,000,000 Classmates
3%
38,000,000 Tagged
3%
80,000,000 VK
3%
15,500,000 MeetMe
0%
40,000,000 Meetup
0%
No matching quizzes found
Score Distribution
Percent of People with Each Score
Percentile by Number Answered
Your Score History
You have not taken this quiz